| 000 | 00554nam a2200181Ia 4500 | ||
|---|---|---|---|
| 008 | 151202s9999||||xx |||||||||||||| ||und|| | ||
| 082 | _bPNVM-34289 | ||
| 100 | _aजोशी प्र.न. | ||
| 245 | _aभागवत पुराण. | ||
| 260 | _b"प्रसाद प्रकाशन, पुणे." | ||
| 260 | _c1982 | ||
| 300 | _a400 | ||
| 600 | _aजोशी प्र.न. | ||
| 630 | _aभागवत पुराण. | ||
| 700 | _aजोशी प्र.न. | ||
| 730 | _aभागवत पुराण. | ||
| 942 | _cBOOK | ||
| 999 |
_c1300247 _d1300244 |
||